ARRUPE JESUIT UNIVERSITY

CORONAVIRUS -STOP THE SPREAD - CLEAN,DISINFECT,COVER

The rationalists : critical essays on Descartes, Spinoza, and Leibniz (Record no. 92958)

MARC details
000 -LEADER
fixed length control field 00539nam a2200193Ia 4500
003 - CONTROL NUMBER IDENTIFIER
control field 0100
005 - DATE AND TIME OF LATEST TRANSACTION
control field 20170802090017.0
008 - FIXED-LENGTH DATA ELEMENTS--GENERAL INFORMATION
fixed length control field 130307s9999 xx 000 0 und d
020 ## - INTERNATIONAL STANDARD BOOK NUMBER
International Standard Book Number 0847689115
040 ## - CATALOGING SOURCE
Transcribing agency ARRUPELIB
050 ## - LIBRARY OF CONGRESS CALL NUMBER
Classification number B833 .R323 1999
300 ## - PHYSICAL DESCRIPTION
Other physical details 370 p. 24 cm.
245 #4 - TITLE STATEMENT
Title The rationalists : critical essays on Descartes, Spinoza, and Leibniz
260 ## - PUBLICATION, DISTRIBUTION, ETC. (IMPRINT)
Name of publisher, distributor, etc Rowman & Littlefield Publishers
Place of publication, distribution, etc Lanham
Date of publication, distribution, etc c1999.
300 ## - PHYSICAL DESCRIPTION
Extent xviii
440 ## - SERIES STATEMENT/ADDED ENTRY--TITLE
Title Critical essays on the classics
9 (RLIN) 34331
650 ## - SUBJECT ADDED ENTRY--TOPICAL TERM
Topical term or geographic name as entry element Rationalism
Chronological subdivision 17th century
9 (RLIN) 34332
650 ## - SUBJECT ADDED ENTRY--TOPICAL TERM
Topical term or geographic name as entry element Philosophy
General subdivision Modern
9 (RLIN) 11460
700 ## - ADDED ENTRY--PERSONAL NAME
Personal name Pereboom, Derk, 1957- (ed.)
9 (RLIN) 34333
942 ## - ADDED ENTRY ELEMENTS (KOHA)
Source of classification or shelving scheme Library of Congress Classification
Koha item type Monograph ( Printed materials)
Holdings
Withdrawn status Lost status Source of classification or shelving scheme Damaged status Not for loan Collection code Home library Current library Shelving location Date acquired Total Checkouts Full call number Barcode Date last seen Date checked out Copy number Price effective from Koha item type
    Library of Congress Classification     Main Collection ARRUPE LIBRARY ARRUPE LIBRARY   07/03/2013 2 B833 .R323 1999 46003072964 04/04/2017 29/03/2017 1 07/03/2013 Monograph ( Printed materials)

 

Arrupe Library. PO Box MP320 Mt Pleasant, Harare, Zimbabwe
263 242 745411|librarian@aju.ac.zw